| Tag |
First Indicator |
Second Indicator |
Subfields |
| LEADER |
00000cam a2200000 4500 |
| 001 |
in00003834421 |
| 005 |
20190415190724.0 |
| 006 |
m o d |
| 007 |
cr |n||||||||n |
| 008 |
930108s1786 enk|||| o 00||||eng c |
| 035 |
|
|
|a (CU-RivES)T216129
|
| 035 |
|
|
|a (Uk-ES)006310589
|
| 035 |
|
|
|a (OCoLC)510587102
|
| 040 |
|
|
|a Uk-ES
|c Uk-ES
|d CStRLIN
|d Cengage Gale
|d UtOrBLW
|
| 110 |
2 |
|
|a Circulating Library (Halifax, England)
|0 http://id.loc.gov/authorities/names/nr97007605
|
| 245 |
1 |
2 |
|a A catalogue of the books in the Circulating Library at Halifax :
|b A copy of the laws as they are now in force; and list of the subscribers. 1786.
|
| 264 |
|
3 |
|a Halifax :
|b Printed by E. Jacob, near the Square,
|c [1786]
|
| 300 |
|
|
|a 1 online resource (73, 1 unnumbered pages)
|
| 336 |
|
|
|a text
|b txt
|2 rdacontent
|
| 337 |
|
|
|a computer
|b c
|2 rdamedia
|
| 338 |
|
|
|a online resource
|b cr
|2 rdacarrier
|
| 510 |
4 |
|
|a English Short Title Catalog,
|c T216129.
|
| 500 |
|
|
|a Reproduction of original from Bodleian Library (Oxford).
|
| 500 |
|
|
|a Electronic resource.
|
| 650 |
|
0 |
|a Library catalogs
|z Great Britain
|v Early works to 1800.
|
| 655 |
|
7 |
|a Electronic books.
|2 local
|
| 710 |
2 |
|
|a Gale (Firm)
|0 http://id.loc.gov/authorities/names/no2008071348
|
| 856 |
4 |
0 |
|u http://proxy.library.tamu.edu/login?url=http://find.galegroup.com/ecco/infomark.do?contentSet=ECCOArticles&docType=ECCOArticles&bookId=1552101900&type=getFullCitation&tabID=T001&prodId=ECCO&docLevel=TEXT_GRAPHICS&version=1.0&source=library&userGroupName=txshracd2898
|z Connect to the full text of this electronic book
|t 0
|
| 999 |
f |
f |
|s 31915c1a-66f0-3693-bce0-3a621954966f
|i 945f6801-5e9f-30b2-8dbb-f52f6fb91d45
|t 0
|
| 952 |
f |
f |
|a Texas A&M University
|b College Station
|c Electronic Resources
|d Available Online
|t 0
|h No information provided
|
| 998 |
f |
f |
|t 0
|l Available Online
|